000 01079nam a22002651 4500
001 177309
003 ES-MaACL
005 20250815121301.0
008 110315s1972 sp af ||||0| spa d
080 _a74 Mustieles, Benjamín
080 _a75 Mustieles, Benjamín
100 1 _aMustieles, Benjamín.
_984711
245 1 0 _aDibujos de Mustíeles /
_cpor José Ramón Ametller.
250 _a1ª ed.
260 _aMadrid :
_bIbérico Europea de Ediciones,
_ccop. 1972.
300 _a[32] p. :
_bprincipalmente il. bl. y n. ;
_c31 cm.
490 1 _aMaestros contemporáneos del dibujo y la pintura ;
_v19
500 _aEncuadernado con otros títulos.
597 _aEn el lomo: Martínez Novillo, Grau Sala, Álvaro Delgado, Agustín Úbeda, Arteta, Picasso, Vela Zanetti, Montes Iturrioz, Mustieles, Barjola.
600 1 4 _aMustieles, Benjamín.
_984711
700 1 _aAmetller, José Ramón.
_9145637
830 0 0 _aMaestros contemporáneos del dibujo y la pintura
_v19
_9190405
852 _aES-MaACL
_jE-14687 (9)
_xOlim P-1071
999 _c177309
_d177309